LEADER 01096nam a2200265 i 4500 001 000000245996 003 CaOOAMICUS 005 20151021000000.0 008 151021s2005 it u000 u ita u 013 $a224901 020 $a88-315-2873-4 040 $aSeMil$bita 100 1 $aZuchniewicz, Pawel.$0(OLS)http://semarc/name/82647 245 10$aGiovanni Paolo 2. :$bil Papa chiamato di un paese lontano /$cPawel Zuchniewicz. 260 $aMilano :$bPaoline,$c2005. 300 $a193 p. :$b22 cm. 490 0 $aUomini e donne ;$v67 650 4$aGiovanni Paolo II - Biografie.$0(OLS)http://semarc/subject/10052 830 0$aUomini e donne ;$v67.$0(OLS)http://semarc/title/10136 850 $aSeMil 852 $aSeMil$W1$xVenegono$y1$m3A II 321$j196342$B196342$CSeMilBibl$Z2$F207371 $81 961 $aOmaggio: Altro 996 $6020$a88-315-2873-4$9(OLS)http://semarc/number/254774 996 $6245$aGiovanni Paolo 2. :$bil Papa chiamato di un paese lontano$9(OLS)http://semarc/title/347698 996 $6260$aMilano :$bPaoline$9(OLS)http://semarc/publisher/29684 LEADER 00877nam a2200217 i 4500 001 000000205878 003 CaOOAMICUS 005 20160810000000.0 008 160810s1974 it u000 u ita u 013 $a184623 040 $aSeMil$bita 245 10$aVangeli /$ca cura di La Civiltà Cattolica. 260 $aMilano :$bLetture,$c1974. 300 $a317 p,. [31] c. di tav. :$bill. ;$c25 cm. 650 4$aBibbia. Nuovo Testamento. Vangeli - Commentari, studi, critica, interpretazioni.$0(OLS)http://semarc/subject/537 710 0 $aLa Civiltà Cattolica .$0(OLS)http://semarc/name/25256 850 $aSeMil 852 $aSeMil$W1$xVenegono$y1$m2VA III 49$j269621$B156369$CSeMilBibl$Z2$F212704 $81 961 $aOmaggio: Mauri don Gianni 996 $6245$aVangeli$9(OLS)http://semarc/title/297913 996 $6260$aMilano :$bLetture$9(OLS)http://semarc/publisher/31553